Statystyki dla Przetłumacz na angielski Poziom C2

Kliknij tutaj aby rozwiązać quiz!

Ogólne statystyki

  • Ten quiz został rozwiązany 305 razy
  • Średni wynik to 4 z 20

Statystyki odpowiedzi

HintOdpowiedź% Poprawnych
gwizdekwhistle
73%
wynalazekinvention
55%
dławić sięchoke
46%
rozpraszaćdistract
24%
wykałaczkatoothpick
23%
lustrzane odbiciemirror reflection
19%
kosascythe
19%
cynatin
19%
myślnikdash
15%
narządy wewnętrzneinternal organs
15%
służba zdrowiahealth service
10%
najemcatenant
10%
prostopadłyperpendicular
8%
przedłużaczextension cord
7%
fosamoat
7%
zbędnyredundant
7%
grzankicroutons
6%
zaprawionyseasoned
4%
dryfującyadrift
3%
kuropatwapartridge
2%

Rozkład punktacji

Percentyl według liczby udzielonych odpowiedzi

Procent ludzi z każdym wynikiem

Twoja historia wyników

Nie rozwiązałeś tego quizu